000 01160nam a2200313Ia 4500
001 ebr10080884
003 CaPaEBR
006 m u
007 cr cn|||||||||
008 040504s2004 enka sb 001 0 eng d
015 _aGBA430772
_2bnb
020 _z076194382X
020 _z0761943838 (pbk.)
040 _aCaPaEBR
_cCaPaEBR
035 _a(OCoLC)78580863
050 1 4 _aLB1028
_b.M85 2004eb
082 0 4 _a370.72
_222
100 1 _aMuijs, Daniel.
245 1 0 _aDoing quantitative research in education with SPSS
_h[electronic resource] /
_cDaniel Muijs.
260 _aLondon :
_bSAGE,
_c2004.
300 _a228 p. :
_bill.
504 _aIncludes bibliographical references and index.
533 _aElectronic reproduction.
_bPalo Alto, Calif. :
_cebrary,
_d2009.
_nAvailable via World Wide Web.
_nAccess may be limited to ebrary affiliated libraries.
630 0 0 _aSPSS (Computer file)
650 0 _aEducation
_xResearch
_xMethodology.
655 7 _aElectronic books.
_2local
710 2 _aebrary, Inc.
856 4 0 _uhttp://site.ebrary.com/lib/rucke/Doc?id=10080884
_zAn electronic book accessible through the World Wide Web; click to view
999 _c55534
_d55534